NCAA Division I FBS Football Teams - Statistics

General Stats
  • This quiz has been taken 3,240 times
    1,500 since last reset
  • The average score is 109 of 134
Answer Stats
Conference Team % Correct
SEC Florida Gators
96%
ACC North Carolina Tar Heels
95%
SEC Georgia Bulldogs
94%
SEC Texas Longhorns
94%
SEC Alabama Crimson Tide
93%
MAC Ohio Bobcats
93%
SEC Oklahoma Sooners
93%
Big Ten Oregon Ducks
93%
SEC Arkansas Razorbacks
92%
SEC Auburn Tigers
92%
ACC Clemson Tigers
92%
Big Ten Iowa Hawkeyes
92%
SEC Kentucky Wildcats
92%
SEC LSU Tigers
92%
ACC Miami Hurricanes
92%
MAC Miami of Ohio RedHawks
92%
Big Ten Michigan Wolverines
92%
Independent Notre Dame Fighting Irish
92%
Big Ten Ohio State Buckeyes
92%
ACC Pittsburgh Panthers
92%
Big Ten Washington Huskies
92%
Big 12 Arizona State Sun Devils
91%
Big 12 Arizona Wildcats
91%
AAC Army Black Knights
91%
Big 12 Colorado Buffaloes
91%
ACC Florida State Seminoles
91%
Big Ten Indiana Hoosiers
91%
SEC South Carolina Gamecocks
91%
SEC Tennessee Volunteers
91%
Big Ten UCLA Bruins
91%
Big 12 Utah Utes
91%
ACC Virginia Cavaliers
91%
ACC California Golden Bears
90%
Big 12 Houston Cougars
90%
Big Ten Illinois Fighting Illini
90%
Big 12 Kansas Jayhawks
90%
ACC Louisville Cardinals
90%
Big Ten Michigan State Spartans
90%
SEC Ole Miss Rebels
90%
Pac-12 Oregon State Beavers
90%
Big Ten USC Trojans
90%
Mountain West Boise State Broncos
89%
MAC Bowling Green Falcons
89%
Big 12 Iowa State Cyclones
89%
Big 12 Kansas State Wildcats
89%
Big Ten Maryland Terrapins
89%
Big Ten Minnesota Golden Gophers
89%
SEC Mississippi State Bulldogs
89%
SEC Missouri Tigers
89%
ACC NC State Wolfpack
89%
Big 12 Oklahoma State Cowboys
89%
Big Ten Penn State Nittany Lions
89%
ACC Syracuse Orange
89%
SEC Texas A&M Aggies
89%
ACC Virginia Tech Hokies
89%
Pac-12 Washington State Cougars
89%
Big 12 West Virginia Mountaineers
89%
Big Ten Wisconsin Badgers
89%
MAC Akron Zips
88%
Mountain West Colorado State Rams
88%
ACC Georgia Tech Yellow Jackets
88%
Mountain West Hawaii Rainbow Warriors
88%
Big 12 Cincinnati Bearcats
87%
Mountain West New Mexico Lobos
87%
Mountain West Utah State Aggies
87%
MAC Buffalo Bulls
86%
Mountain West Fresno State Bulldogs
86%
AAC Memphis Tigers
86%
Big Ten Nebraska Cornhuskers
86%
MAC Toledo Rockets
86%
AAC Tulsa Golden Hurricane
86%
Independent UConn Huskies
86%
ACC Duke Blue Devils
85%
Mountain West Nevada Wolf Pack
85%
Big 12 Texas Tech Red Raiders
85%
AAC Navy Midshipmen
84%
Mountain West San Diego State Aztecs
84%
Independent UMass Minutemen
84%
SEC Vanderbilt Commodores
84%
Mountain West Wyoming Cowboys
84%
Big 12 BYU Cougars
83%
Big Ten Rutgers Scarlet Knights
83%
Mountain West San Jose State Spartans
83%
Big 12 UCF Knights
83%
ACC Boston College Eagles
82%
MAC Kent State Golden Flashes
82%
Mountain West UNLV Rebels
82%
ACC Stanford Cardinal
80%
Sun Belt Troy Trojans
80%
AAC Charlotte 49ers
79%
Sun Belt Louisiana Ragin' Cajuns
79%
Big Ten Purdue Boilermakers
79%
Big 12 TCU Horned Frogs
79%
Big Ten Northwestern Wildcats
78%
AAC UTSA Roadrunners
78%
Big 12 Baylor Bears
77%
C-USA New Mexico State Aggies
77%
Mountain West Air Force Falcons
76%
MAC Eastern Michigan Eagles
76%
AAC Tulane Green Wave
76%
C-USA UTEP Miners
76%
AAC South Florida Bulls
75%
Sun Belt Georgia State Panthers
74%
ACC SMU Mustangs
74%
AAC UAB Blazers
74%
ACC Wake Forest Demon Deacons
74%
MAC Western Michigan Broncos
73%
AAC Florida Atlantic Owls
72%
Sun Belt Arkansas State Red Wolves
71%
C-USA Kennesaw State Owls
71%
MAC Central Michigan Chippewas
70%
AAC Temple Owls
69%
C-USA Jacksonville State Gamecocks
68%
AAC North Texas Mean Green
67%
Sun Belt Texas State Bobcats
67%
C-USA FIU Panthers
66%
Sun Belt Louisiana-Monroe Warhawks
66%
Sun Belt Georgia Southern Eagles
65%
Sun Belt Coastal Carolina Chanticleers
63%
MAC Northern Illinois Huskies
62%
AAC Rice Owls
61%
AAC East Carolina Pirates
60%
C-USA Louisiana Tech Bulldogs
60%
C-USA Middle Tennessee Blue Raiders
59%
Sun Belt South Alabama Jaguars
59%
Sun Belt Appalachian State Mountaineers
57%
MAC Ball State Cardinals
57%
Sun Belt Marshall Thundering Herd
57%
Sun Belt James Madison Dukes
56%
C-USA Western Kentucky Hilltoppers
56%
Sun Belt Southern Miss Golden Eagles
55%
C-USA Liberty Flames
52%
C-USA Sam Houston Bearkats
51%
Sun Belt Old Dominion Monarchs
45%
No matching quizzes found
Score Distribution
Percent of People with Each Score
Percentile by Number Answered
Your Score History
You have not taken this quiz since the last reset